ბათუმის შოთა რუსთაველის სახელმწიფო უნივერსიტეტის ბიბლიოთეკა

ჰისტოლოგიისა და მიკროსკოპული ანატომიის სახელმძღვანელო განსაკუთრებით ადამიანის სხეულის გათვალისწინებით : (ბიბ.ჩანაწერი № 62615)

000 -ლიდერი
ფიქსირებული სიგრძის საკონტროლო ველი 01499nam a22002057a 4500
003 - საკონტროლო ნომრის იდენტიფიკატორი
საკონტროლო ველი Ge_BSU
005 - ბოლო ოპერაციის თარიღი და დრო
საკონტროლო ველი 20241218161101.0
008 - ფიქსირებული სიგრძის მონაცემთა ელემენტები - ზოგადი ინფორმაცია
ფიქსირებული სიგრძის საკონტროლო ველი 241218s1930 ge ||||| |||| 00| 0 geo d
041 ## - ენის კოდი
Language code of text/sound track or separate title geo
080 ## - უნივერსალური ათობითი კლასიფიკაციის ინდექსი
Universal Decimal Classification number 611.018(075): 57.08(075) ს-51
100 ## - მთავარი ჩანაწერი - პიროვნების სახელი
Personal name სიმონოვჩი, ლ.
9 (RLIN) 24003
245 ## - ცნობა სათაურის შესახებ
Title ჰისტოლოგიისა და მიკროსკოპული ანატომიის სახელმძღვანელო განსაკუთრებით ადამიანის სხეულის გათვალისწინებით :
Remainder of title ნაკვ. 1 /
Statement of responsibility, etc გადამუშავებული ლ. სიმონოვიჩისა და რ. კრაუზეს მიერ ; სვ. საყვარელიძის თარგმ. ; "ქართული გამოცემის წინასიტყვაობა"-სევ. საყვარელიძე.
264 ## - წარმოების, გამოცემის, დისტრიბუციის და სხვა ცნობები
გამოცემის, წარმოების, დისტრიბუციის... ადგილი ტფილისი :
გამოცემის, წარმოების, დისტრიბუციის... სახელწოდება სახელმწ. სამედიც. ინ-ტი,
გამოცემის, წარმოების, დისტრიბუციის... თარიღი 1930.
300 ## - ფიზიკური აღწერა
Extent 364 გვ. :
Other physical details ილ.;
Dimensions 25 სმ.
653 ## - INDEX TERM--UNCONTROLLED
Uncontrolled term ჰისტოლოგია
653 ## - INDEX TERM--UNCONTROLLED
Uncontrolled term მიკროსკოპული ანატომია
700 ## - ADDED ENTRY--PERSONAL NAME
Personal name კრაუზე, რ.
Relator term ავტორი
9 (RLIN) 24004
700 ## - ADDED ENTRY--PERSONAL NAME
Personal name საყვარელიძე, სვ.
Relator term მთარგმნელი, წინასიტყვაობის ავტორი.
9 (RLIN) 24005
942 ## - ADDED ENTRY ELEMENTS (KOHA)
Source of classification or shelving scheme
Koha item type წიგნი
ეგზემპლარები
ჩამოწერის სტატუსი დაკარგული ეგზემპლარის სტატუსი კლასიფიკაციის წყარო ან თაროზე გაწყობის სქემა დაზიანების სტატუსი არ გაიცემა მუდმივი მდებარეობა (დაცვის ადგილი) ამჟამინდელი ადგილსამყოფელი თაროზე განთავსების ადგილი შეძენის თარიღი ღირებულება, შესყიდვის ნორმალური ფასი სრული შენახვის შიფრი შტრიხკოდი ბოლო ოპერაციის თარიღი ეგზემპლარის მიმდევრობითი ნომერი (კეტერი?) ფასის ძალაში შესვლის თარიღი ეგზემპლარის სახეობა საჯარო შენიშვნა
          ბათუმის შოთა რუსთაველის სახელმწიფო უნივერსიტეტის მთავარი ბიბლიოთეკა ბათუმის შოთა რუსთაველის სახელმწიფო უნივერსიტეტის მთავარი ბიბლიოთეკა წიგნსაცავი 2024-12-18 1.72 611.018(075): 57.08(075) ს-51 70043 2024-12-18 70043 2024-12-18 წიგნი 1 ლ. 72 თ.